00337nam a2200133Ia 4500008004100000020001500041041001200056082001600068100002000084245005800104260002500162300000800187650000800195221030s9999 xx 000 0 und d a8120307208 aEnglish a105.23bOpp aA. V. Oppenheim 0aDiscrete - Time Signal Processingcby A. V. Oppenheim bPHIaNew Delhic2000 a879 aECE